| 000 | 00688cam a2200241Ia 4500 | ||
|---|---|---|---|
| 001 | 9689 | ||
| 003 | BD-RjUL | ||
| 005 | 20211208234823.0 | ||
| 008 | 140121s1964 ru a b 001 0 eng d | ||
| 035 | _aBD-RjUL 9734 | ||
| 040 |
_aUKM _cUKM _dBD-RjUL _beng |
||
| 041 | _aeng | ||
| 082 | 0 | 4 |
_a541.372 _222 _bLYP 1968 |
| 090 | _aQD189.D33 2006 | ||
| 100 | 1 |
_aLyalikov, Yu _929967 |
|
| 245 | 1 | 0 |
_aPhysicochemical analysis / _cYu Lyalikov ; Translated from the Russian by David Sobolev. |
| 260 |
_aMoscow : _bMir, _c1968. |
||
| 300 |
_a545p. : _bill. ; _c25 cm. |
||
| 500 | _aIncludes index. | ||
| 650 | 0 |
_aFused salts. _929968 |
|
| 650 | 0 |
_aElectrolyte solutions. _929969 |
|
| 942 |
_2ddc _cBK |
||
| 999 |
_c9689 _d9689 |
||